<?xml version="1.0" encoding="UTF-8"?>
<collection xmlns="http://www.loc.gov/MARC21/slim">
    <record>
        <controlfield tag="001">94667</controlfield>
        <controlfield tag="005">20200819092756.0</controlfield>
        <datafield tag="037" ind1=" " ind2=" ">
            <subfield code="a">TAZ-TFG-2020-2383</subfield>
        </datafield>
        <datafield tag="041" ind1=" " ind2=" ">
            <subfield code="a">spa</subfield>
        </datafield>
        <datafield tag="100" ind1="1" ind2=" ">
            <subfield code="a">Villellas Camón, Belén</subfield>
        </datafield>
        <datafield tag="242" ind1="0" ind2="0">
            <subfield code="a">From the latest neo-realism to the total film.  The evolution of art direction in the cinema of Federico Fellini: Le notti di Cabiria (1957), Giulietta degli spiriti (1965) y Casanova (1976).</subfield>
        </datafield>
        <datafield tag="245" ind1="0" ind2="0">
            <subfield code="a">Del último neorrealismo a la película total. La evolución de la dirección artística en el cine de Federico Fellini: Le notti di Cabiria (1957), Giulietta degli spiriti (1965) y Casanova (1976).</subfield>
        </datafield>
        <datafield tag="260" ind1=" " ind2=" ">
            <subfield code="a">Zaragoza</subfield>
            <subfield code="b">Universidad de Zaragoza</subfield>
            <subfield code="c">2020</subfield>
        </datafield>
        <datafield tag="506" ind1=" " ind2=" ">
            <subfield code="a">by-nc-sa</subfield>
            <subfield code="b">Creative Commons</subfield>
            <subfield code="c">3.0</subfield>
            <subfield code="u">http://creativecommons.org/licenses/by-nc-sa/3.0/</subfield>
        </datafield>
        <datafield tag="520" ind1=" " ind2=" ">
            <subfield code="a">En el siguiente Trabajo de Fin de Grado se revisa la obra del cineasta Federico Fellini a partir de un estudio evolutivo sobre tres aspectos contemplados dentro de la dirección artística cinematográfica: la escenografía, el maquillaje y el vestuario. Vamos a ver como la dirección artística ocupa un lugar primordial en su cine ya que a partir del trabajo conjunto de los directores artísticos y del cineasta se logra una progresiva transición a lo largo de toda su filmografía, de un estilismo sobrio más propio del cine neorrealista hasta culminar en el estilismo artificioso y exuberante que tanto caracteriza al autor. Como objeto de análisis se han elegido tres películas que, considero, ilustran esta progresión y cambio, cada una de una década diferente: Le notti di Cabiria (1957), Giulietta degli spiriti (1965) y Casanova (1976).&lt;br />&lt;br /></subfield>
        </datafield>
        <datafield tag="521" ind1=" " ind2=" ">
            <subfield code="a">Graduado en Historia del Arte</subfield>
        </datafield>
        <datafield tag="540" ind1=" " ind2=" ">
            <subfield code="a">Derechos regulados por licencia Creative Commons</subfield>
        </datafield>
        <datafield tag="700" ind1=" " ind2=" ">
            <subfield code="a">Sanz Ferreruela, Fernando</subfield>
            <subfield code="e">dir.</subfield>
        </datafield>
        <datafield tag="710" ind1="2" ind2=" ">
            <subfield code="a">Universidad de Zaragoza</subfield>
            <subfield code="b">Historia del Arte</subfield>
            <subfield code="c">Historia del Arte</subfield>
        </datafield>
        <datafield tag="856" ind1="0" ind2=" ">
            <subfield code="f">716258@unizar.es</subfield>
        </datafield>
        <datafield tag="856" ind1="4" ind2=" ">
            <subfield code="s">3552944</subfield>
            <subfield code="u">http://zaguan.unizar.es/record/94667/files/TAZ-TFG-2020-2383.pdf</subfield>
            <subfield code="y">Memoria (spa)</subfield>
        </datafield>
        <datafield tag="856" ind1="4" ind2=" ">
            <subfield code="s">463338</subfield>
            <subfield code="u">http://zaguan.unizar.es/record/94667/files/TAZ-TFG-2020-2383_ANE.pdf</subfield>
            <subfield code="y">Anexos (spa)</subfield>
        </datafield>
        <datafield tag="909" ind1="C" ind2="O">
            <subfield code="o">oai:zaguan.unizar.es:94667</subfield>
            <subfield code="p">driver</subfield>
            <subfield code="p">trabajos-fin-grado</subfield>
        </datafield>
        <datafield tag="950" ind1=" " ind2=" ">
            <subfield code="a"></subfield>
        </datafield>
        <datafield tag="951" ind1=" " ind2=" ">
            <subfield code="a">deposita:2020-08-19</subfield>
        </datafield>
        <datafield tag="980" ind1=" " ind2=" ">
            <subfield code="a">TAZ</subfield>
            <subfield code="b">TFG</subfield>
            <subfield code="c">FFYL</subfield>
        </datafield>
        <datafield tag="999" ind1=" " ind2=" ">
            <subfield code="a">20200627130910.CREATION_DATE</subfield>
        </datafield>
    </record>

    
</collection>